La decisión judicial : el debate Hart-Dworkin /

Αποθηκεύτηκε σε:
Λεπτομέρειες βιβλιογραφικής εγγραφής
Κύριος συγγραφέας: Hart, Herbert L.A (autor)
Άλλοι συγγραφείς: Dworkin, Ronald M. (autor) (autor), Rodríguez, César (preliminares) (preliminares)
Μορφή: Βιβλίο
Γλώσσα:Ισπανικά
Έκδοση: Bogotá, Colombia : Siglo del Hombre : Universidad de los Andes, Facultad de Derecho, 2002, c2002
Σειρά:(Biblioteca Universitaria Ciencias Sociales y Humanidades)
(Nuevo Pensamiento Jurídico)
Θέματα:
Ετικέτες: Προσθήκη ετικέτας
Δεν υπάρχουν, Καταχωρήστε ετικέτα πρώτοι!

MARC

LEADER 00000nam^a2200000^a^4500
001 000156158
005 20250521000000.0
009 20260310100454.276
020 |a 958-665-004-9 
037 |a Acervo ITESO - Biblioteca 
041 |a ESP 
082 |a 340. 11  |b HAR 
100 |a Hart, Herbert L.A.  |e (autor) 
245 1 3 |a La decisión judicial :  |b el debate Hart-Dworkin /  |c H.L.A. Hart, R.M. Dworkin ; prelim. de C. Rodríguez ; tr. por Magdalena Holguín, Juan Manuel Pombo Abondano ; presen. de Penélope A. Bulloch, Joseph Raz. 
264 4 |a Bogotá, Colombia :  |b Siglo del Hombre :  |b Universidad de los Andes, Facultad de Derecho,  |c 2002, c2002 
300 |a 191 p. 
336 |a texto  |b txt  |2 rdacontenido 
337 |a sin mediación  |b n  |2 rdamedio 
338 |a volumen  |b nc  |2 rdasoporte 
440 1 |a (Biblioteca Universitaria Ciencias Sociales y Humanidades) 
440 1 |a (Nuevo Pensamiento Jurídico) 
500 |a Traducción de: The Concept of Law 
500 |a Traducción de: A Matter of Principle 
649 |a XX 
650 |a Jueces 
650 |a Justicia -  |x Administración -  |x Teoría 
650 |a Derecho y Etica -  |x Teoría 
650 |a Derecho -  |x Filosofía 
650 |a Derecho -  |x Teoría 
650 |a Hart, Herbert L.A. 
650 |a Dworkin, Ronald M. 
700 |a Dworkin, Ronald M.  |e (autor) 
700 |a Rodríguez, César  |e (preliminares) 
910 |a Fondo General 
920 |a Impresos - Libros 
930 |a Colección General 
905 |a 101 
901 |a 0500083613  |b IT1  |c ACC  |u 20250521 
902 |a https://opac.biblio.iteso.mx/vufind/Record/000156158